00411nam a2200145Ia 4500008004100000020001500041041000800056082001800064100003400082245008000116250000600196260003900202300001500241650000900256210716s2005 xx 000 0 und d a8129704307 aeng a004.6702 MORB aMorgan, Brian; Dennis, Craig. aCcnp self study ccnp bcran exam: certification guide.bCertification guide. a2 aNew DelhibPearson Educationc2005 axxxiii,519 aNone